Le Liechtenstein pour les touristes... - Facile - Statistiques

Statistiques générales
  • Ce quiz a été pris 10 fois
  • Le résultat moyen est 12 sur 20
Statistiques - réponses
Question Indice Réponses Indice facile % Correct
Quelle est la langue officielle ? Allemand
100%
Quelles autres langues sont répandues ? F Français
90%
La vitesse est limitée hors agglomérations à {80} km/h
80%
Quelles autres langues sont répandues ? A Anglais
80%
R Chutes du {Rhin} INHR
80%
La conduite se fait à droite ou à gauche ? Droite
80%
Le suffixe internet est li
80%
Dans la capitale y-a-t-il un décalage horaire avec Paris ? (oui/non) Non
80%
Quels espaces naturels peut-on visiter ? R Sources du {Rin} NIR
80%
3/ Douceur cacaotée Chocolat C
70%
Achats à faire 1/ Pour les philatélistes Timbres BIRESMT
70%
2/ Boisson alcoolisée Vin V
70%
Quelles sont les principales villes touristiques ? V Vaduz
60%
Le taux d'alcoolémie toléré au volant est de {0.8} g/l
50%
Quelle est la monnaie ? Franc suisse F
50%
La religion majoritaire est Catholicisme C
40%
L Gorges de {Linth} THINL
40%
M Malbun NALBUM
20%
K Kesslerloch ROCELLESHKS
0%
M Martinsloch CHROMISANTL
0%
Aucun quiz correspondant
Distribution des résultats
% des personnes avec chaque résultat
Percentile par nombre de réponses
Votre historique - résultats
Vous n’avez pas pris ce quiz